| 000 | 00899nam a2200241 4500 | ||
|---|---|---|---|
| 001 | 78596 | ||
| 003 | BD-RjUL | ||
| 005 | 20211209083139.0 | ||
| 008 | 211019b13291912ir ||||| |||| 00| 0 per d | ||
| 035 | _a(BD-RjUL)78822 | ||
| 040 |
_aBD-RjUL _beng _cBD-RjUL |
||
| 041 | _aper | ||
| 082 |
_223 _a946.051 _bBAT 1912 |
||
| 100 | 1 |
_aبيانى, خانبابا ;; Byạny̱ , kẖạnbạbạ _9249145 |
|
| 245 | 1 | 0 |
_a تفوق و برتری اسپانیا (۱۵۵۹ـ۱۶۶۰) ;; tafawwuq wa bartarī-i Ispānyā (1559-1660) / _cنگارش: دکتر خانبابا بیانی ;; Ngạrsẖ: kẖạnbạbạ by̰ạny̰ |
| 260 |
_aTihrān : _bDānišgāh Adubiyat, _c1912 |
||
| 300 |
_av. ; _c24 cm |
||
| 490 | _aIntišārāt-i Dānišgāh-i Tihrān, | ||
| 505 | _aVol. 1.-- | ||
| 650 |
_aSpain _vhistry _9249146 |
||
| 700 |
_aIntišārāt-i Dānišgāh-i Tihrān, _9249147 |
||
| 942 |
_2ddc _cBK |
||
| 999 |
_c78596 _d78596 |
||